000 00924nam a2200277 i 4500
001 bg
100 1 _aMAJCHRZAK, Ewa
_d(1956- )
245 1 0 _aMetody numeryczne :
_bpodstawy teoretyczne, aspekty praktyczne i algorytmy /
_cEwa Majchrzak, Bohdan Mochnacki.
250 _aWyd. 4 rozsz. i uzup.
260 _aGliwice :
_bWydaw. Politechniki Śląskiej,
_c2004.
300 _a474, [2] s. :
_brys., tab., wykr. ;
_c25 cm.
504 _aBibliogr. przy rozdz.
650 9 _aAlgorytmy
_xstosowanie
650 9 _aAnaliza numeryczna
650 9 _aProgramowanie (informat.)
655 _aPodręczniki akademickie
700 1 _aMOCHNACKI, Bohdan
020 _a8373352317
040 _cBPK
041 0 _apol
080 _a519.61/.64:004.421](075.8)
920 _a83-7335-231-7
942 _cKS
008 s pl f |000 0 pol
999 _c44826
_d44826
856 _uhttp://koha.tu.koszalin.pl/cgi-bin/koha/opac-detail.pl?biblionumber=44826
_yKatalog online BPK